| 000 | 00702nam a2200217 u 4500 | ||
|---|---|---|---|
| 005 | 20240228064316.0 | ||
| 008 | 171016s2006 ea r 000 0 spa d | ||
| 020 | _a1404265546 | ||
| 035 | _aUPN01000220983 | ||
| 049 | _aI | ||
| 050 | 4 |
_aPZ7 _bR6.23 |
|
| 100 | 1 |
_aRoza, Greg, _d1971- _933672 |
|
| 245 | 1 | 1 |
_a¿Dónde está el espagueti? / _cGreg Roza ; tr. al español José María Obregón. |
| 260 |
_aNew York : _bRosen Classroom Books & Materials, _c2006. |
||
| 300 |
_a8 p. : _bprincipalmente il. col. |
||
| 440 | 0 |
_aLecturas del barrio. _pMisterio |
|
| 650 | 4 |
_aLibros y lectura para niños _92290 |
|
| 650 | 7 |
_aLibros ilustrados para niños _2 _921365 |
|
| 905 | _aLibro | ||
| 999 |
_c193082 _d193082 |
||